| 000 | 00391cam a2200145ua 4500 | ||
|---|---|---|---|
| 041 |
_aeng _h |
||
| 100 | _aPathak, B.S. | ||
| 245 | 0 | 0 | _aBiomass based decentralised power generation-Proceedings |
| 260 |
_aGujarath : _bSardar Patel erenewable energy research institute , _c2005. |
||
| 300 |
_a ; _e`. |
||
| 504 | _a | ||
| 700 | 1 | _aSrivastava, N.S.L. | |
| 942 | _cBK | ||
| 999 |
_c13023 _d13023 |
||